• 首页
  • 本馆介绍
  • 公告通知
  • 最新文献
  • 馆藏检索
  • 电子资源
  • 读者导购
  • 参考咨询
  • 我的图书馆
  • 登录
  • 详细信息显示
  • 放入我的书架
  • 预约/预借图书
  • 作者相关作品
  • 分类相关作品
  • 丛书相关作品
  • 出版社相关作品

书目信息

  • 表格格式
  • 工作单格式
  • 卡片格式
题名:
展示设计重要问题的多维解读
    
 
作者: 孙浩章 著
分册:  
出版信息: 北京   中国水利水电出版社  2019.4
页数: 185页
开本: 24cm
丛书名:
单 册:
中图分类: G265
科图分类:
主题词: 陈列设计
电子资源:
ISBN: 978-7-5170-7621-6
000 00955nam0 2200253 45
001 012001000770
005 20130909145917.0
010    @a978-7-5170-7621-6@dCNY53.00
099    @aCAL 012019095078
100    @a20190528d2019 em y0chiy0110 ea
101 0  @achi
102    @aCN@b110000
105    @ay a 000yy
106    @ar
200 1  @a展示设计重要问题的多维解读@Azhan shi she ji zhong yao wen ti de duo wei jie du@f孙浩章著
210    @a北京@c中国水利水电出版社@d2019.4
215    @a185页@d24cm
320    @a有书目 (第183-185页)
330    @a随着人类社会政治、经济的阶段性发展, 展示空间逐渐形成, 展示设计备受关注。本书主要立足于展示设计的重要问题, 从设计基础、设计程序、空间设计、照明设计、道具与陈列设计、专项设计以及实例分析等多个方面对其进行系统分析和论述, 为展示设计提供了新的思路。
606 0  @a陈列设计
690    @aG265@v5
701  0 @a孙浩章@Asun hao zhang@4著
801    @aCN@b江苏凤凰@c20211018
905    @b1340968-71@dG265@e31@f4
    
    展示设计重要问题的多维解读/孙浩章著.-北京:中国水利水电出版社,2019.4
    185页;24cm
    
    
    ISBN 978-7-5170-7621-6:CNY53.00
    随着人类社会政治、经济的阶段性发展, 展示空间逐渐形成, 展示设计备受关注。本书主要立足于展示设计的重要问题, 从设计基础、设计程序、空间设计、照明设计、道具与陈列设计、专项设计以及实例分析等多个方面对其进行系统分析和论述, 为展示设计提供了新的思路。
●
相关链接 在E读中查询图书 在五车中查询图书 在当当中查询图书 在豆瓣中查询图书


正题名:展示设计重要问题的多维解读     索取号:G265/31         预约/预借

序号 登录号 条形码 馆藏地/架位号 状态 备注
1 1340968   213409685   第一样本阅览室/ [索取号:G265/31] 在馆    
2 1340969   213409694   第四借阅区/ [索取号:G265/31] 在馆    
3 1340970   213409701   第四借阅区/ [索取号:G265/31] 在馆    
4 1340971   213409710   第四借阅区/ [索取号:G265/31] 在馆    
唐山师范学院图书馆 欢迎您!
大连网信软件有限公司© 版权所有